Random Objects by Picture #11 - Statistics

General Stats
  • This quiz has been taken 5 times
  • The average score is 5 of 18
Answer Stats
Picture Answer % Correct
Sonic
80%
Antelope
60%
Bubble Guppies
40%
Bongo Antelope
20%
Chalicotherium
20%
Chinese Alligator
20%
Classic Sonic
20%
Dark Paraceratherium
20%
Deema
20%
Entelodon
20%
Gil
20%
Goby
20%
Nonny
20%
Oona
20%
Pronghorn Antelope
20%
South China Tiger
20%
Tamaraw
20%
Umbrella Bird
20%
No matching quizzes found
Score Distribution
Percent of People with Each Score
Percentile by Number Answered
Your Score History
You have not taken this quiz